000
00428nam a2200157Ia 4500
008
090124s9999 xx 000 0 und d
082
_b
2682
_a
116
245
_a
ज्ञानेश्र्वर
250
_a
1
260
_c
1924
300
_a
212
630
_a
ज्ञानेश्र्वर
700
_a
टिपणीस गो.गो.
730
_a
ज्ञानेश्र्वर
942
_c
BOOK
999
_c
116627
_d
116627